000
00221 a2200097 4500
001
32764
100
_a
Clark J B
245
_a
Physical & Mathematical Tables
260
_a
London
_b
Oliver & Boyd
_c
090
_c
21952
_d
21952
942
_a
NUST-CAE
_c
M
_c
13283
999
_c
267837
_d
267837